Financial structures and monetary policies in Southeast Asia
Na minha lista:
| Autor principal: | |
|---|---|
| Formato: | Livro |
| Idioma: | Undetermined |
| Publicado em: |
New York
St. Martin's Press
1982
|
| Assuntos: | |
| Tags: |
Adicionar Tag
Sem tags, seja o primeiro a adicionar uma tag!
|
| Thư viện lưu trữ: | Trung tâm Học liệu Trường Đại học Cần Thơ |
|---|
| LEADER | 00567nam a2200193Ia 4500 | ||
|---|---|---|---|
| 001 | CTU_93528 | ||
| 008 | 210402s9999 xx 000 0 und d | ||
| 082 | |a 336.59 | ||
| 082 | |b L481 | ||
| 100 | |a Lee, S. Y. | ||
| 245 | 0 | |a Financial structures and monetary policies in Southeast Asia | |
| 245 | 0 | |c S.Y. Lee, Y.C. Jao | |
| 260 | |a New York | ||
| 260 | |b St. Martin's Press | ||
| 260 | |c 1982 | ||
| 650 | |a Finance,Monetary policy | ||
| 650 | |z Asia, southeastern,Asia, southeastern | ||
| 904 | |i Bằng | ||
| 980 | |a Trung tâm Học liệu Trường Đại học Cần Thơ | ||